Μαθησιακές δυσκολίες : βασικές έννοιες και χαρακτηριστικά
Αποθηκεύτηκε σε:
| Συγγραφή απο Οργανισμό/Αρχή: | |
|---|---|
| Άλλοι συγγραφείς: | , |
| Μορφή: | Βιβλίο |
| Γλώσσα: | Greek |
| Δημοσίευση: |
Βόλος :
Γράφημα,
2007.
|
| Θέματα: | |
| Ετικέτες: |
Προσθήκη ετικέτας
Δεν υπάρχουν, Καταχωρήστε ετικέτα πρώτοι!
|
MARC
| LEADER | 00000cam a2200000 a 4500 | ||
|---|---|---|---|
| 001 | 1/116279 | ||
| 008 | 180418s2007####gr | ||| |||| ||gre|| | ||
| 020 | |a 9789608981843 | ||
| 040 | |a GR-MyUa |b gre |c GR-MyUa |e AACR2 | ||
| 041 | 0 | |a gre | |
| 082 | 7 | |a 371.9 |2 (23) | |
| 245 | 0 | 0 | |a Μαθησιακές δυσκολίες : |b βασικές έννοιες και χαρακτηριστικά / |c επιμέλεια: Σουζάνα Παντελιάδου, Γιώργος Μπότσας. |
| 260 | |a Βόλος : |b Γράφημα, |c 2007. | ||
| 300 | |a 78 σ. : |b εικ., σχήμ., πίν., γράφ. ; |c 24 εκ. | ||
| 500 | |a Περιέχει παράρτημα. | ||
| 504 | |a Βιβλιογραφία: σ. 57-72. | ||
| 650 | 0 | |a Special education |z Greece. | |
| 650 | 0 | |a Special education. | |
| 650 | 0 | |a Children with disabilities. | |
| 650 | 0 | |a Children with disabilities |x Education |z Greece. | |
| 650 | 0 | |a Learning disabilities. | |
| 650 | 0 | |a Learning disabilities |x Physiological aspects. | |
| 700 | 1 | |a Παντελιάδου, Σουζάνα, |e edtf | |
| 700 | 1 | |a Μπότσας, Γιώργος, |e edt | |
| 710 | 2 | |a Πανεπιστήμιο Θεσσαλίας. |b Σχολή Επιστημών του Ανθρώπου. |b Παιδαγωγικό Τμήμα Ειδικής Αγωγής. | |
| 852 | |a INST |b RHODES |e 20180420 |h 371.9 ΜΑΘ |p 005400039918 |q 005400039918 |t BK |y 0 | ||
| 970 | |z 18-04-2018 | ||